Construir la paz / (Record no. 120247)

MARC details
000 -LEADER
campo de control de longitud fija 01067nam a2200289 4500
001 - NÚMERO DE CONTROL
campo de control 120247
003 - IDENTIFICADOR DE NÚMERO DE CONTROL
campo de control ES-MaACL
005 - FECHA Y HORA DE LA ÚLTIMA TRANSACCIÓN
campo de control 20230906191511.0
007 - CAMPO FIJO DE DESCRIPCIÓN FÍSICA--INFORMACIÓN GENERAL
campo de control de longitud fija t|
008 - DATOS DE LONGITUD FIJA--INFORMACIÓN GENERAL
campo de control de longitud fija 070214s1969 sp r ||||1| spa d
100 1# - ENTRADA PRINCIPAL--NOMBRE DE PERSONA
Nombre de persona Pire, Dominique.
9 (RLIN) 92341
245 10 - MENCIÓN DEL TÍTULO
Título Construir la paz /
Mención de responsabilidad, etc. P. Dominique Pire ; en colaboración con el Dr. Charles Dricot ; prólogo del profesor Robert Oppenheimer ; epílogo de John Griffin ; [traducido por Danielle Wynants de Tiznado, Rómulo Tiznado Fernández y Miguel Concha Malo].
250 ## - MENCION DE EDICION
Mención de edición 1ª ed.
260 ## - PUBLICACIÓN, DISTRIBUCIÓN, ETC.
Lugar de publicación, distribución, etc. Barcelona :
Nombre del editor, distribuidor, etc. Fontanella,
Fecha de publicación, distribución, etc. 1969.
300 ## - DESCRIPCIÓN FÍSICA
Extensión 176 p., 14 lám. ;
Dimensiones 19 cm.
490 1# - MENCIÓN DE SERIE
Mención de serie Pensamiento ;
Designación de volumen o secuencia 24
650 00 - PUNTO DE ACCESO ADICIONAL DE MATERIA--TÉRMINO DE MATERIA
Término de materia o nombre geográfico como elemento de entrada Pacifismo.
9 (RLIN) 15784
700 1# - ENTRADA AGREGADA--NOMBRE PERSONAL
Nombre de persona Dricot, Charles.
9 (RLIN) 45637
700 1# - ENTRADA AGREGADA--NOMBRE PERSONAL
Nombre de persona Oppenheimer, J. Robert.
9 (RLIN) 156731
700 1# - ENTRADA AGREGADA--NOMBRE PERSONAL
Nombre de persona Griffin, John.
9 (RLIN) 59997
700 1# - ENTRADA AGREGADA--NOMBRE PERSONAL
Nombre de persona Wynants de Tiznado, Danielle.
9 (RLIN) 117473
700 1# - ENTRADA AGREGADA--NOMBRE PERSONAL
Nombre de persona Tiznado Fernández, Rómulo.
9 (RLIN) 110361
700 1# - ENTRADA AGREGADA--NOMBRE PERSONAL
Nombre de persona Concha Malo, Miguel.
9 (RLIN) 40075
830 1# - PUNTO DE ACCESO ADICIONAL DE SERIE-TÍTULO UNIFORME
Título uniforme Pensamiento ;
Designación de volumen o secuencia 24
9 (RLIN) 178722
852 ## - LOCALIZACIÓN
Ubicación ES-MaACL
Número de control de estantería C-40382
Holdings
Estatus retirado Estado de pérdida Estado de daño No para préstamo Biblioteca de origen Biblioteca actual Ubicación en estantería Fecha de adquisición Fuente de adquisición Total de préstamos Signatura topográfica completa Código de barras Visto por última vez Precio de reemplazo Tipo de ítem Koha
        Biblioteca del Ateneo de Madrid Biblioteca del Ateneo de Madrid Depósito 2 17/01/2008     C-40382 1125336 23/02/2023 23/02/2023 Libro impreso